000 00302nam a22001217a 4500
008 230619b xxu||||| |||| 00| 0 eng d
082 _a025
_bIFLA
110 _bIFLA
245 _a65th IFLA Council and General Conference August 20-28, 1999
_bBooklet 5
260 _c`
300 _a68p
942 _2ddc
_cBK
999 _c1166
_d1166